[Event "Saint Louis Summer-A"]
[Site "Saint Louis"]
[Date "2023.08.06"]
[Round "5"]
[White "Nyzhnyk, Illya"]
[Black "Pranav, V."]
[Result "1/2-1/2"]
[WhiteElo "2621"]
[BlackElo "2588"]
[PlyCount "85"]
[EventDate "2023.08.02"]
[EventType "tourn"]
[EventRounds "9"]
[EventCountry "USA"]
[EventCategory "15"]
[SourceTitle "CBM 215 Extra"]
[Source "ChessBase"]
[SourceDate "2023.09.30"]
[SourceVersion "1"]
[SourceVersionDate "2023.09.30"]
[SourceQuality "1"]

1. c4 c5 2. Nf3 Nc6 3. d4 cxd4 4. Nxd4 Nf6 5. Nc3 e6 6. g3 Bc5 7. Nb3 Be7 8. Bg2 0-0 9. e4 d6 10. 0-0 Ne5 11. Qe2 Qc7 12. Nd2 a6 13. f4 Nc6 14. Nb3 Bd7 15. Be3 Rac8 16. Rfd1 Na5 17. Nxa5 Qxa5 18. Rac1 Qc7 19. b3 Bc6 20. g4 Nd7 21. g5 Rfe8 22. Qf2 Qb8 23. Nd5 exd5 24. exd5 Ba4 25. bxa4 Nc5 26. f5 f6 27. h4 Nd7 28. Qg3 Bd8 29. Bd4 b5 30. axb5 axb5 31. cxb5 Rxc1 32. Rxc1 Bb6 33. Bxb6 Qxb6+ 34. Kh1 Qxb5 35. Qxd6 Qa4 36. Qg3 Qxa2 37. d6 Qd2 38. Ra1 Qd4 39. Rc1 Kf8 40. Rc7 Rd8 41. gxf6 Qa1+ 42. Kh2 Qxf6 43. Bc6 1/2-1/2

[Event "Saint Louis Summer-A"]
[Site "Saint Louis"]
[Date "2023.08.02"]
[Round "1"]
[White "Nyzhnyk, Illya"]
[Black "Hakobyan, Aram"]
[Result "1/2-1/2"]
[WhiteElo "2621"]
[BlackElo "2612"]
[PlyCount "62"]
[EventDate "2023.08.02"]
[EventType "tourn"]
[EventRounds "9"]
[EventCountry "USA"]
[EventCategory "15"]
[SourceTitle "CBM 215 Extra"]
[Source "ChessBase"]
[SourceDate "2023.09.30"]
[SourceVersion "1"]
[SourceVersionDate "2023.09.30"]
[SourceQuality "1"]

1. d4 d5 2. c4 e6 3. Nf3 Nf6 4. Nc3 Bb4 5. Bg5 h6 6. Bxf6 Qxf6 7. e3 0-0 8. Rc1 dxc4 9. Bxc4 c5 10. 0-0 cxd4 11. Ne4 Qe7 12. a3 Ba5 13. Qxd4 Rd8 14. Qe5 Bb6 15. Rfd1 Bd7 16. Bb5 Nc6 17. Qd6 Kf8 18. Qxe7+ Kxe7 19. Nc5 Bxc5 20. Rxc5 Rac8 21. Rdc1 Nb8 22. Rxc8 Rxc8 23. Rxc8 Bxc8 24. Kf1 Bd7 25. Bxd7 Nxd7 26. Ke2 Kd6 27. Nd4 a6 28. f3 Ne5 29. b3 Nc6 30. Kd3 Ne5+ 31. Ke2 Nc6 1/2-1/2

[Event "Canadian op"]
[Site "Calgary"]
[Date "2023.07.28"]
[Round "8"]
[White "Song, Ethan"]
[Black "Nyzhnyk, Illya"]
[Result "0-1"]
[WhiteElo "2027"]
[BlackElo "2642"]
[PlyCount "62"]
[EventDate "2023.07.22"]
[EventType "swiss"]
[EventRounds "10"]
[EventCountry "CAN"]
[SourceTitle "CBM 215 Extra"]
[Source "ChessBase"]
[SourceDate "2023.09.30"]
[SourceVersion "1"]
[SourceVersionDate "2023.09.30"]
[SourceQuality "1"]

1. e4 c5 2. Nf3 d6 3. Bb5+ Nd7 4. d4 cxd4 5. Qxd4 a6 6. Bxd7+ Bxd7 7. e5 dxe5 8. Nxe5 Bf5 9. Qxd8+ Rxd8 10. c3 f6 11. Nf3 e5 12. Be3 Ne7 13. Nbd2 Nd5 14. Nf1 Rd7 15. Rd1 Nxe3 16. Nxe3 Bd3 17. Kd2 e4 18. Ne1 Bb1+ 19. Kc1 Rxd1+ 20. Nxd1 Bxa2 21. Nc2 g6 22. Nd4 Bh6+ 23. Ne3 Bc4 24. Kc2 Bd3+ 25. Kb3 Kf7 26. Ra1 Rc8 27. Ka4 Bf8 28. Nb3 Bb5+ 29. Ka5 Rc6 30. Nd5 Bc4 31. Nd4 Rc5+ 0-1

[Event "Canadian op"]
[Site "Calgary"]
[Date "2023.07.26"]
[Round "6"]
[White "Mendes, Aaron Reeve"]
[Black "Nyzhnyk, Illya"]
[Result "1/2-1/2"]
[WhiteElo "2134"]
[BlackElo "2642"]
[PlyCount "108"]
[EventDate "2023.07.22"]
[EventType "swiss"]
[EventRounds "10"]
[EventCountry "CAN"]
[SourceTitle "CBM 215 Extra"]
[Source "ChessBase"]
[SourceDate "2023.09.30"]
[SourceVersion "1"]
[SourceVersionDate "2023.09.30"]
[SourceQuality "1"]

1. e4 c5 2. Nf3 d6 3. Bb5+ Bd7 4. Bxd7+ Qxd7 5. 0-0 Nf6 6. Re1 Nc6 7. c3 e6 8. d4 cxd4 9. cxd4 d5 10. e5 Ne4 11. Nbd2 Nxd2 12. Bxd2 Rc8 13. Rc1 Be7 14. Rc3 Bd8 15. h4 Bb6 16. Rd3 h5 17. Bc3 Ne7 18. Bb4 Nf5 19. Re2 Qb5 20. Ba3 Rc6 21. Red2 f6 22. Kh2 Kd7 23. Rb3 Qa6 24. g3 Ba5 25. Rdd3 b6 26. Bb4 Bxb4 27. Rxb4 Rc1 28. Qb3 Ra8 29. Ra4 Qc8 30. Rc3 Rxc3 31. bxc3 Qc6 32. Ne1 a5 33. Ra3 Nh6 34. exf6 gxf6 35. Qc2 Nf5 36. Rb3 a4 37. Rb4 Rc8 38. Rxa4 Qxc3 39. Ra7+ Kd6 40. Qa4 Nxd4 41. Rd7+ Ke5 42. Qd1 f5 43. Nd3+ Ke4 44. Nf4 Ke5 45. Nd3+ Ke4 46. Nf4 Rc6 47. Kh3 Ke5 48. Nd3+ Ke4 49. Nf4 b5 50. a3 Ke5 51. Nd3+ Ke4 52. Nf4 Ke5 53. Nd3+ Ke4 54. Nf4 Ke5 1/2-1/2

[Event "Canadian op"]
[Site "Calgary"]
[Date "2023.07.23"]
[Round "3"]
[White "Doknjas, Neil"]
[Black "Nyzhnyk, Illya"]
[Result "0-1"]
[WhiteElo "2126"]
[BlackElo "2642"]
[PlyCount "86"]
[EventDate "2023.07.22"]
[EventType "swiss"]
[EventRounds "10"]
[EventCountry "CAN"]
[SourceTitle "CBM 215 Extra"]
[Source "ChessBase"]
[SourceDate "2023.09.30"]
[SourceVersion "1"]
[SourceVersionDate "2023.09.30"]
[SourceQuality "1"]

1. e4 c5 2. Nc3 a6 3. Nf3 d6 4. d4 cxd4 5. Nxd4 Nf6 6. Be3 e5 7. Nb3 Be6 8. f3 h5 9. Nd5 Bxd5 10. exd5 Nbd7 11. Qd2 g6 12. 0-0-0 Bg7 13. Kb1 Qc7 14. c4 b6 15. Be2 Nc5 16. Na1 0-0 17. Nc2 Nfd7 18. h3 f5 19. g4 hxg4 20. hxg4 f4 21. Bxc5 Nxc5 22. Bd3 e4 23. Bxe4 Nxe4 24. fxe4 Qxc4 25. Qh2 Rfc8 26. Rc1 Qb5 27. b3 Rc3 28. Rcf1 f3 29. Rf2 Rac8 30. Qh7+ Kf7 31. Rhf1 Rxb3+ 32. axb3 Qxb3+ 33. Kc1 Qb2+ 34. Kd1 Qb1+ 35. Kd2 Qxc2+ 36. Ke3 Qc3+ 37. Kf4 Rh8 38. Qxh8 Bxh8 39. Rxf3 Qe5+ 40. Ke3+ Bf6 41. Rxf6+ Qxf6 42. Rxf6+ Kxf6 43. Kd4 g5 0-1

[Event "Canadian op"]
[Site "Calgary"]
[Date "2023.07.22"]
[Round "1"]
[White "Jackson, Mateo"]
[Black "Nyzhnyk, Illya"]
[Result "0-1"]
[WhiteElo "1742"]
[BlackElo "2642"]
[PlyCount "58"]
[EventDate "2023.07.22"]
[EventType "swiss"]
[EventRounds "10"]
[EventCountry "CAN"]
[SourceTitle "CBM 215 Extra"]
[Source "ChessBase"]
[SourceDate "2023.09.30"]
[SourceVersion "1"]
[SourceVersionDate "2023.09.30"]
[SourceQuality "1"]

1. e4 c6 2. d4 d5 3. exd5 cxd5 4. Bd3 Nc6 5. c3 Qc7 6. Ne2 Bg4 7. f3 Bd7 8. Bf4 e5 9. dxe5 Nxe5 10. Bc2 Nf6 11. Nd2 Bd6 12. 0-0 h6 13. Qe1 0-0-0 14. Qf2 Rde8 15. b4 Kb8 16. Nb3 Nh5 17. Be3 Nc4 18. Bxa7+ Ka8 19. g3 b6 20. Bxb6 Qxb6 21. Ned4 Re3 22. Rfe1 Rxc3 23. a3 Ne5 24. Rec1 Rhc8 25. Bd1 Nd3 26. Rxc3 Nxf2 27. Rxc8+ Bxc8 28. Kxf2 Ba6 29. Rc1 Bc4 0-1

[Event "World op 51st"]
[Site "Philadelphia"]
[Date "2023.07.04"]
[Round "8"]
[White "Lee, Linden"]
[Black "Nyzhnyk, Illya"]
[Result "0-1"]
[WhiteElo "2191"]
[BlackElo "2641"]
[PlyCount "152"]
[EventDate "2023.06.30"]
[EventType "swiss"]
[EventRounds "9"]
[EventCountry "USA"]
[SourceTitle "CBM 215 Extra"]
[Source "ChessBase"]
[SourceDate "2023.09.30"]
[SourceVersion "1"]
[SourceVersionDate "2023.09.30"]
[SourceQuality "1"]

1. d4 Nf6 2. c4 d6 3. Nc3 Nbd7 4. Nf3 e5 5. g3 c6 6. Bg2 Be7 7. 0-0 Qc7 8. Qc2 Nf8 9. Rd1 Ng6 10. b3 0-0 11. Bb2 Re8 12. h3 h5 13. h4 Ng4 14. Ba3 Qa5 15. Bc1 Nf8 16. e4 Bf6 17. Bg5 g6 18. Bxf6 Nxf6 19. d5 c5 20. Nh2 Qd8 21. Re1 Ng4 22. Nxg4 hxg4 23. Qd2 Kg7 24. f3 gxf3 25. Bxf3 g5 26. Qxg5+ Qxg5 27. hxg5 Nh7 28. Kg2 Nxg5 29. Rh1 Bd7 30. Rh4 Rh8 31. a4 Nxf3 32. Kxf3 a6 33. a5 Rxh4 34. gxh4 Rh8 35. Rh1 Kg6 36. Rg1+ Kf6 37. Rh1 Rg8 38. Nb1 Ke7 39. h5 Kf6 40. Nc3 Bg4+ 41. Ke3 Rh8 42. h6 Bd7 43. Ne2 Kg6 44. Rg1+ Kxh6 45. Ng3 Rb8 46. Kd3 b6 47. axb6 Rxb6 48. Kc3 Kg5 49. Nf5+ Kf4 50. Rf1+ Kxe4 51. Ng3+ Ke3 52. Rxf7 Bh3 53. Rf6 a5 54. Rh6 Kf3 55. Rxh3 Kg4 56. Rh7 Kxg3 57. Rc7 e4 58. Rg7+ Kf2 59. Rf7+ Ke2 60. Ra7 e3 61. Rxa5 Kf2 62. Ra7 e2 63. Rf7+ Ke1 64. Kc2 Rb8 65. Rf6 Re8 66. Rf7 Rh8 67. Rf6 Rh3 68. Rf7 Rh2 69. Kc1 Rf2 70. Rh7 Rf4 71. Kc2 Kf2 72. Rh2+ Ke3 73. Rh1 Rf1 74. Rh3+ Kf4 75. Rh4+ Kf5 76. Rh5+ Kg6 0-1

[Event "World op 51st"]
[Site "Philadelphia"]
[Date "2023.07.04"]
[Round "9"]
[White "Nyzhnyk, Illya"]
[Black "Ezra, Paul Chambers"]
[Result "1/2-1/2"]
[WhiteElo "2641"]
[BlackElo "2321"]
[PlyCount "80"]
[EventDate "2023.06.30"]
[EventType "swiss"]
[EventRounds "9"]
[EventCountry "USA"]
[SourceTitle "CBM 215 Extra"]
[Source "ChessBase"]
[SourceDate "2023.09.30"]
[SourceVersion "1"]
[SourceVersionDate "2023.09.30"]
[SourceQuality "1"]

1. e4 c6 2. d4 d5 3. e5 Bf5 4. h4 h6 5. g4 Bd7 6. h5 e6 7. f4 c5 8. c3 Qb6 9. Nf3 Nc6 10. Rh2 0-0-0 11. Be3 Kb8 12. Qb3 cxd4 13. Qxb6 axb6 14. cxd4 Na5 15. b3 Rc8 16. Bd3 Ne7 17. Na3 Nec6 18. Nc2 Na7 19. f5 Be7 20. fxe6 fxe6 21. Nh4 Bb5 22. Kd2 Bxd3 23. Kxd3 Bxh4 24. Rxh4 Nb5 25. Rhh1 Nc3 26. Rhf1 Ne4 27. Bd2 Rhf8 28. Nb4 Kc7 29. Ke3 Kd7 30. Nd3 Nc6 31. Rxf8 Rxf8 32. Rd1 b5 33. a4 bxa4 34. bxa4 Ra8 35. Nb2 Ra6 36. Be1 Rb6 37. Nd3 Rb3 38. Ra1 b6 39. a5 bxa5 40. Bxa5 Kc8 1/2-1/2

[Event "World op 51st"]
[Site "Philadelphia"]
[Date "2023.06.30"]
[Round "1"]
[White "Nyzhnyk, Illya"]
[Black "Subervi Nunez, Jonathan Sigfredo"]
[Result "1-0"]
[WhiteElo "2641"]
[BlackElo "2053"]
[PlyCount "77"]
[EventDate "2023.06.30"]
[EventType "swiss"]
[EventRounds "9"]
[EventCountry "USA"]
[SourceTitle "CBM 215 Extra"]
[Source "ChessBase"]
[SourceDate "2023.09.30"]
[SourceVersion "1"]
[SourceVersionDate "2023.09.30"]
[SourceQuality "1"]

1. d4 Nf6 2. c4 e6 3. g3 c5 4. Nf3 cxd4 5. Nxd4 d5 6. Bg2 e5 7. Nc2 d4 8. f4 Bd6 9. 0-0 Nc6 10. fxe5 Bxe5 11. Bf4 Bxf4 12. Rxf4 Qb6 13. Bxc6+ bxc6 14. Qxd4 c5 15. Qe3+ Be6 16. b3 0-0 17. Nc3 Rfe8 18. Qf3 Nd7 19. Ne3 Ne5 20. Qh5 Ng6 21. Rf2 Rad8 22. Na4 Qa5 23. Qxc5 Qd2 24. Nf1 Qc2 25. e3 Qe4 26. Nc3 Qd3 27. Rc1 Bh3 28. Rd2 Qxd2 29. Nxd2 Rxd2 30. Qh5 Bg2 31. Rd1 Rb2 32. Qb5 Rxe3 33. Na4 Rxa2 34. Rd8+ Nf8 35. Qb4 h6 36. Qxf8+ Kh7 37. Qg8+ Kg6 38. Rd6+ Kh5 39. Qxf7+ 1-0

[Event "Las Vegas National op"]
[Site "Las Vegas"]
[Date "2023.06.17"]
[Round "7"]
[White "Nyzhnyk, Illya"]
[Black "Jacobson, Brandon"]
[Result "1/2-1/2"]
[WhiteElo "2641"]
[BlackElo "2557"]
[PlyCount "23"]
[EventDate "2023.06.14"]
[EventType "swiss"]
[EventRounds "9"]
[EventCountry "USA"]
[SourceTitle "CBM 214 Extra"]
[Source "ChessBase"]
[SourceDate "2023.07.31"]
[SourceVersion "1"]
[SourceVersionDate "2023.07.31"]
[SourceQuality "1"]

1. d4 Nf6 2. c4 e6 3. Nf3 d5 4. Nc3 Nbd7 5. g3 dxc4 6. Bg2 c6 7. a4 Bb4 8. 0-0 0-0 9. Qc2 h6 10. Rd1 Qa5 11. Na2 Bd6 12. Qxc4 1/2-1/2

[Event "Las Vegas National op"]
[Site "Las Vegas"]
[Date "2023.06.16"]
[Round "5"]
[White "Nyzhnyk, Illya"]
[Black "Hong, Andrew Z"]
[Result "1-0"]
[WhiteElo "2641"]
[BlackElo "2517"]
[PlyCount "139"]
[EventDate "2023.06.14"]
[EventType "swiss"]
[EventRounds "9"]
[EventCountry "USA"]
[SourceTitle "CBM 214 Extra"]
[Source "ChessBase"]
[SourceDate "2023.07.31"]
[SourceVersion "1"]
[SourceVersionDate "2023.07.31"]
[SourceQuality "1"]

1. c4 c5 2. Nf3 Nf6 3. d4 cxd4 4. Nxd4 Nc6 5. Nc3 e6 6. g3 Qb6 7. Nb3 Bb4 8. Bg2 d5 9. cxd5 Nxd5 10. 0-0 Nxc3 11. bxc3 Be7 12. Be3 Qa6 13. Qd3 Qxd3 14. exd3 Bd7 15. a4 Nd8 16. Na5 Rc8 17. Nxb7 Nxb7 18. Bxb7 Rxc3 19. Bxa7 Rc7 20. Rfb1 Bc8 21. Bxc8 Rxa7 22. a5 Rc7 23. Rc1 Kd8 24. Ba6 Bd6 25. Bb5 Ke7 26. a6 Ra7 27. Bc6 Be5 28. Ra5 Bb2 29. Rb1 Bd4 30. Bb7 Rd8 31. Rc1 Rd7 32. Rb5 Rd6 33. Kf1 Kd7 34. Ke2 f5 35. Rc4 Bf6 36. Bc8+ Ke8 37. Bb7 Kf7 38. Ra4 Bd4 39. Rbb4 Bb6 40. d4 g5 41. f3 h5 42. h3 Ke8 43. g4 hxg4 44. hxg4 f4 45. Kd3 Bd8 46. Ke4 Bf6 47. Rb5 Kf7 48. Rab4 Bd8 49. Rc4 Bf6 50. d5 Kg6 51. dxe6 Rxe6+ 52. Kd5 Re5+ 53. Kc6 Re6+ 54. Kc5 Be7+ 55. Kd5 Kf7 56. Re4 Rd6+ 57. Kc4 Bf6 58. Rd5 Rb6 59. Kc5 Rbxb7 60. axb7 Rxb7 61. Kc6 Rb3 62. Rd7+ Kf8 63. Ra4 Be7 64. Ra8+ Kf7 65. Raa7 Rxf3 66. Rxe7+ Kf6 67. Rf7+ Kg6 68. Rfd7 Rc3+ 69. Kd5 Rd3+ 70. Kc4 1-0

[Event "Las Vegas National op"]
[Site "Las Vegas"]
[Date "2023.06.15"]
[Round "2"]
[White "Narayanan, Samrug"]
[Black "Nyzhnyk, Illya"]
[Result "0-1"]
[WhiteElo "2297"]
[BlackElo "2641"]
[PlyCount "138"]
[EventDate "2023.06.14"]
[EventType "swiss"]
[EventRounds "9"]
[EventCountry "USA"]
[SourceTitle "CBM 214 Extra"]
[Source "ChessBase"]
[SourceDate "2023.07.31"]
[SourceVersion "1"]
[SourceVersionDate "2023.07.31"]
[SourceQuality "1"]

1. e4 c6 2. d4 d5 3. Nc3 g6 4. e5 Bg7 5. f4 h5 6. Nf3 Bg4 7. h3 Bxf3 8. Qxf3 e6 9. Be3 h4 10. Bd3 Nd7 11. 0-0 Nh6 12. Ne2 Bf8 13. b3 Nf5 14. Bxf5 gxf5 15. c4 Ba3 16. Rab1 Qa5 17. Bf2 Bb4 18. cxd5 Qxd5 19. Qxd5 cxd5 20. Rfc1 f6 21. Rc7 Rb8 22. Kf1 Kd8 23. Rc2 Rc8 24. Rbc1 Rxc2 25. Rxc2 Be7 26. Nc3 Nb8 27. Ne2 Nc6 28. Ng1 fxe5 29. fxe5 Ke8 30. Nf3 Kf7 31. Be1 a5 32. a4 Kg6 33. Bd2 Kh5 34. Rc1 Ra8 35. Ke2 Rg8 36. Kf1 Bd8 37. Be3 Rf8 38. Ke2 f4 39. Bf2 Rg8 40. Kf1 Rh8 41. Ke2 Kg6 42. Ng1 Bb6 43. Nf3 Kh5 44. Rd1 Rg8 45. Kf1 Bd8 46. Rc1 Be7 47. Rc3 Rh8 48. Ng1 Kg6 49. Ke2 Rc8 50. Kf1 Kf5 51. Nf3 Rg8 52. Rc1 Ke4 53. Rc3 Bb4 54. Rc1 Rg7 55. Rd1 Be7 56. Rd2 Rg8 57. Rd1 Rg7 58. Rd2 Bb4 59. Rd1 Bc3 60. Bg1 Nb4 61. Bf2 Rg8 62. Be1 Nc2 63. Nd2+ Bxd2 64. Rxd2 Ne3+ 65. Kg1 f3 66. Bxh4 Nxg2 67. Bf2 Nf4+ 68. Kf1 Nxh3 69. Rc2 Rg2 0-1

[Event "Las Vegas National op"]
[Site "Las Vegas"]
[Date "2023.06.14"]
[Round "1"]
[White "Nyzhnyk, Illya"]
[Black "Nathan, Nitish"]
[Result "1-0"]
[WhiteElo "2641"]
[BlackElo "2104"]
[PlyCount "73"]
[EventDate "2023.06.14"]
[EventType "swiss"]
[EventRounds "9"]
[EventCountry "USA"]
[SourceTitle "CBM 214 Extra"]
[Source "ChessBase"]
[SourceDate "2023.07.31"]
[SourceVersion "1"]
[SourceVersionDate "2023.07.31"]
[SourceQuality "1"]

1. d4 d5 2. c4 c6 3. cxd5 cxd5 4. Bg5 Nc6 5. Nc3 Nf6 6. Bxf6 exf6 7. a3 a6 8. e3 Be6 9. g3 f5 10. Bg2 g6 11. Nge2 Bh6 12. Nc1 0-0 13. Nd3 Qd6 14. 0-0 b6 15. Qb3 Ne7 16. Rfc1 Rfd8 17. Rc2 Rac8 18. Rac1 Rb8 19. Nb4 b5 20. Ne2 Rb6 21. Rc5 a5 22. Nd3 Rdb8 23. Qc2 Bd7 24. Qd2 Ra8 25. Nc3 Bc6 26. Ne5 b4 27. Nxc6 bxc3 28. Nxe7+ Qxe7 29. Qxc3 Rab8 30. Bxd5 Rxb2 31. Rc7 Qd8 32. Bxf7+ Kh8 33. Qxa5 f4 34. Bxg6 hxg6 35. Qe5+ Kg8 36. Qe6+ Kh8 37. Qxg6 1-0

[Event "Las Vegas 1000 GM op"]
[Site "Las Vegas"]
[Date "2023.06.11"]
[Round "6"]
[White "Nyzhnyk, Illya"]
[Black "Willow, Jonah B"]
[Result "1/2-1/2"]
[WhiteElo "2641"]
[BlackElo "2447"]
[PlyCount "30"]
[EventDate "2023.06.08"]
[EventType "swiss"]
[EventRounds "9"]
[EventCountry "USA"]
[SourceTitle "CBM 214 Extra"]
[Source "ChessBase"]
[SourceDate "2023.07.31"]
[SourceVersion "1"]
[SourceVersionDate "2023.07.31"]
[SourceQuality "1"]

1. d4 Nf6 2. Nf3 d5 3. c3 c6 4. Qc2 g6 5. Bf4 Nh5 6. Be5 f6 7. Bxb8 Rxb8 8. Nbd2 e5 9. dxe5 fxe5 10. Nxe5 Qe7 11. Nef3 Nf4 12. e3 Bg7 13. Nb3 0-0 14. 0-0-0 Bf5 15. Qd2 Qe4 1/2-1/2

[Event "Saint Louis Spring-A"]
[Site "Saint Louis"]
[Date "2023.04.13"]
[Round "9"]
[White "Nyzhnyk, Illya"]
[Black "Yakubboev, Nodirbek"]
[Result "1/2-1/2"]
[WhiteElo "2644"]
[BlackElo "2630"]
[PlyCount "74"]
[EventDate "2023.04.05"]
[EventType "tourn"]
[EventRounds "9"]
[EventCountry "USA"]
[EventCategory "15"]
[SourceTitle "CBM 213 Extra"]
[Source "ChessBase"]
[SourceDate "2023.05.31"]
[SourceVersion "1"]
[SourceVersionDate "2023.05.31"]
[SourceQuality "1"]

1. c4 Nf6 2. Nc3 g6 3. d4 Bg7 4. e4 d6 5. Be2 0-0 6. Bg5 h6 7. Be3 c5 8. dxc5 Qa5 9. Bd2 Qxc5 10. Nf3 Bg4 11. Be3 Qa5 12. 0-0 Nc6 13. a3 Rfc8 14. b4 Qd8 15. Qb3 a5 16. Rac1 axb4 17. axb4 Nd7 18. Rfd1 Nde5 19. Nd5 Bxf3 20. Bxf3 Nxf3+ 21. gxf3 Ne5 22. Nb6 Nxf3+ 23. Kg2 Nh4+ 24. Kf1 Rab8 25. c5 Rc7 26. Nd5 Rcc8 27. Nb6 Rc6 28. b5 Rxb6 29. cxb6 Qd7 30. Bd4 Qg4 31. Qg3 Qxe4 32. Bxg7 Kxg7 33. Re1 Qh1+ 34. Ke2 Qe4+ 35. Kf1 Qh1+ 36. Ke2 Qe4+ 37. Kf1 Qh1+ 1/2-1/2

[Event "Saint Louis Super Swiss"]
[Site "Saint Louis"]
[Date "2023.03.16"]
[Round "9"]
[White "Grabinsky, Aaron"]
[Black "Nyzhnyk, Illya"]
[Result "0-1"]
[WhiteElo "2405"]
[BlackElo "2654"]
[PlyCount "76"]
[EventDate "2023.03.12"]
[EventType "swiss"]
[EventRounds "9"]
[EventCountry "USA"]
[SourceTitle "CBM 213 Extra"]
[Source "ChessBase"]
[SourceDate "2023.05.31"]
[SourceVersion "1"]
[SourceVersionDate "2023.05.31"]
[SourceQuality "1"]

1. e4 c5 2. Nf3 e6 3. b3 b6 4. Bd3 Bb7 5. 0-0 d6 6. Bb2 Nf6 7. Re1 Nbd7 8. c3 g6 9. Bc2 Bg7 10. d4 0-0 11. c4 d5 12. cxd5 exd5 13. e5 Ne8 14. Nc3 Nc7 15. a3 cxd4 16. Qxd4 Ne6 17. Qd1 d4 18. Nxd4 Nxd4 19. Qxd4 Nxe5 20. Qxd8 Rfxd8 21. Rad1 Rxd1 22. Rxd1 Rc8 23. Be4 Bxe4 24. Nxe4 f5 25. Ng5 Nd3 26. Rxd3 Bxb2 27. h4 h6 28. Nf3 Bxa3 29. Rd7 a5 30. Ne5 Rc3 31. Nxg6 Rxb3 32. Nf4 a4 33. Nd5 Kf8 34. f3 b5 35. Rd8+ Kf7 36. Ra8 Bc5+ 37. Kh2 a3 38. Ra6 Rd3 0-1

[Event "Saint Louis Super Swiss"]
[Site "Saint Louis"]
[Date "2023.03.14"]
[Round "6"]
[White "Nyzhnyk, Illya"]
[Black "Jacobson, Brandon"]
[Result "1/2-1/2"]
[WhiteElo "2654"]
[BlackElo "2543"]
[PlyCount "27"]
[EventDate "2023.03.12"]
[EventType "swiss"]
[EventRounds "9"]
[EventCountry "USA"]
[SourceTitle "CBM 213 Extra"]
[Source "ChessBase"]
[SourceDate "2023.05.31"]
[SourceVersion "1"]
[SourceVersionDate "2023.05.31"]
[SourceQuality "1"]

1. c4 e6 2. Nc3 d5 3. d4 Nf6 4. Nf3 Nbd7 5. cxd5 exd5 6. Bf4 c6 7. e3 Nh5 8. Bg5 Be7 9. Bxe7 Qxe7 10. Qc2 Nb6 11. h3 g6 12. g4 Ng7 13. Bd3 Be6 14. 0-0-0 1/2-1/2

[Event "PRO League Prelim"]
[Site "Chess.com INT"]
[Date "2023.03.02"]
[Round "3.3"]
[White "Erigaisi, Arjun Kumar"]
[Black "Nyzhnyk, Illya"]
[Result "1/2-1/2"]
[WhiteElo "2701"]
[BlackElo "2654"]
[PlyCount "48"]
[EventDate "2023.02.14"]
[EventType "team-swiss (rapid)"]
[EventRounds "5"]
[EventCountry "USA"]
[SourceTitle "CBM 213 Extra"]
[Source "ChessBase"]
[SourceDate "2023.05.31"]
[SourceVersion "1"]
[SourceVersionDate "2023.05.31"]
[SourceQuality "1"]
[WhiteTeam "MGD1"]
[BlackTeam "California Unicorns"]
[WhiteTeamCountry "IND"]
[BlackTeamCountry "USA"]

1. d4 d5 2. Nf3 Nf6 3. Bf4 e6 4. e3 c5 5. Nbd2 Nc6 6. c3 Be7 7. Ne5 Nd7 8. Bd3 0-0 9. Qh5 f5 10. Nxd7 Bxd7 11. g4 Be8 12. Qh3 Bg6 13. gxf5 Bxf5 14. Bxf5 Rxf5 15. dxc5 Bxc5 16. 0-0-0 Qf6 17. Rhg1 Ne5 18. Nb3 Rc8 19. Bxe5 Qxe5 20. Nxc5 Rxc5 21. f4 Rxc3+ 22. bxc3 Qxc3+ 23. Kb1 d4 24. Qxf5 Qb4+ 1/2-1/2